000 02056nam a2200409 c 4500
003 BLK
005 20240403005405.0
008 180408b bul|||||r ||||||| ||bul||
010 _aKNG00100005000
020 _a954-9550-59-1
_bиздат.: Гея-Либрис - на том(ч. 1)
040 _aBLK
041 _aBUL
_cBUL
080 _aОпера. Музикална драма. Романтична опера. Опера-приказка
_b782.1
_x(035)
_z782.1(035)
080 _aМузиканти-творци, композитори
_b78.071.1
_x(092)(035)
_z78.071.1(092)(035)
080 _aБиографии
_b929
_x(100)
_z929(100)
100 _aСтамболиев, Огнян Тодоров
_d1947-
_gФилолог, журналист, преводач
_9365958
700 1 _aНейков, Румен
_eпод ред. на
_9364568
139 _aСтамболиев, Огнян Тодоров
_bС 65
245 1 0 _aНова книга за операта
_bОт Монтеверди до Бритън или 230 опери от 100 композитори : Ч. 1 - 2
_cОгнян Тодоров Стамболиев; под ред. на Румен Нейков.
_nЧ. 1
_pАдам - Монтеверди
257 _aBGR
260 София
_c2001 -
_fСофия : Образование и наука
300 _c24 см
380 _a7
650 4 _aОпери
_9165041
650 4 _aМузика - история
_9249453
650 4 _aКомпозитори - биографии
_9246095
653 _aмузика
653 _aопери
653 _aкомпозитори
760 1 _3- на том(ч. 1)
_aСтамболиев, Огнян Тодоров
_dГея-Либрис, 2001
_h280 с.
_nСъдържа и Малък оперен речник. - Азб. показалец на оперите
_tЧ. 1 Адам - Монтеверди
852 _aЦб 210516
856 4 _qpdf
_u
856 4 _qpdf
_u
942 _cKNG
_n0
_09
944 _aCR
_c01.01.2001
_k
_lCRON CRON
944 _aED
_c26.06.2012
_k
999 _c95154
_d95154